1875 1911 1227 1529 1913 1712 1199 1502 1752 1373 1117 1318 1882 1532 1190 1375 1884 1688 1431 1415 1976 1752 1980 1909 1654 1579 1077 1777 1548 1729 1036 1804 1390 1031 1708 1164 1575 1859 1170 1285 1048 1596 1760 1084 1681 1046 1918 1638 1341 1128 1117 1732 1208 1246 1358 1203 1395 1532 1172 1463 1430 1572 1359 1656 1881 1748 1077 1691 1071 1665 1469 1835 1669 1019 1984 1696 1992 1762 1478 1049 1202 1356 1278 1567 1984 1778 1100 1317 1981 1611 1818 1377 1574 1158 1557 1409 1005 1040 1812 BCNSPRNW ULIB Ver.6.0+V

เปลี่ยนเป็นภาษาไทย

Change to English
 แสดงรายละเอียดบรรณานุกรม
  กลับหน้าหลัก

Brief Record : Get Marc (ISO 2709) : E-mail record : QR code < ปิดหน้าต่าง
LEADER : 00000nam 2200000uu 4500
001    13399107761
003     ULIB
008    110202s2553||||th 000 0 tha d
020    9789741024865
060  0 BF724^bอ632น 2551
100 0  อาภรณ์ ดีนาน
245 00 แนวคิด&วิธีส่งเสริมสุขภาพวัยรุ่น =^bAdolescence Health : Concepts & Application^cอาภรณ์ ดีนาน
246 0  Adolescence Health : Concepts & Application
250    พิมพ์ครั้งที่1
260    ชลบุรี^bบ.ไฮเดนกรุ๊ป ปริ้น แอนด์ มีเดีย จำกัด,^c2553
300    138 หน้า
650  7 การส่งเสริมสุขภาพ
650  7 วัยรุ่น
650  7 สุขภาพ
700 0  อาภรณ์ ดีนาน
945    ^p139^l0^i028736
945    ^p139^l0^i028735
945    ^p139^l0^i029457
945    ^p139^l0^i029456
945    ^p139^l0^i028737
945    ^p139^l0^i029455
995    ทศพร
999 ^a ใช้งานได้ทุกระบบ
รายการนี้ยังไม่มีแท็ก
คุณยังไม่ได้ล็อกอิน คุณสามารถมีกิจกรรมร่วมกับเว็บไซต์ได้ แต่ต้องล็อกอินก่อน ::
  ล็อกอิน

รายการสื่อสารสนเทศ

ลำดับที่ ประเภท เลขเรียก/บาร์โค้ด สถานที่ สถานะ
- ไม่พบข้อมูล -

รายการใกล้เคียง
    ผู้แต่ง [อาภรณ์ ดีนาน]

    หัวเรื่อง [การส่งเสริมสุขภาพ]
    หัวเรื่อง [วัยรุ่น]
    หัวเรื่อง [สุขภาพ]

BibComment


ยังไม่เคยถูกคอมเมนท์

คอมเมนท์ทรัพยากรรายการนี้
  คอมเมนท์: แนวคิดวิธีส่งเสริ..


 Copyright 2026. Bcnsprnw @Library